| 000 | 01053cam a2200277 4500 | ||
|---|---|---|---|
| 001 | ABS64169 | ||
| 008 | 000000n2001 000 0 eng u | ||
| 035 | _a(Sirsi) u113393 | ||
| 100 | _aHughes, C. | ||
| 245 | 2 | _aA new lease lifeline | |
| 260 | _c2001 | ||
| 490 |
_aProperty Week _v66(25) 22 June 2001, 68-69(2) |
||
| 520 | _aSummarises the main features and salient points of each of the five available options for short-term occupancy agreements: a contracted-out lease; a lease for six months or less; a periodic tenancy; a tenancy-at-will; a licence to occupy. Gives basic guidance on the legal formalities of drawing up and signing a lease. | ||
| 590 | _aABS | ||
| 650 | _aCONTRACTED-OUT TENANCY | ||
| 650 | _aCONTRACTED OUT FIXED TERM TENANCY | ||
| 650 | _aLICENCES TO OCCUPY | ||
| 650 | _aPERIODIC TENANCIES | ||
| 650 | _aSHORT-TERM LEASES | ||
| 650 | _aSHORT-TERM LETS | ||
| 650 | _aSHORT-TERM TENANCIES | ||
| 650 | _aTENANCY AT WILL | ||
| 650 | _aTENANCY AGREEMENTS | ||
| 690 | _aLANDLORD AND TENANT-LEASES | ||
| 942 | _n0 | ||
| 999 |
_c67556 _d67556 |
||